00563nam a22001817a 450000500170000001000150001702000260003203500130005803700130007108200140008410000160009824500970011425000110021126000430022227000730026530000250033870000180036320150626164428.0 aENG-112872 c425.00a9789350352755 aEN-96404 bDBAD/PUB a344.54021 aKumar, H.L. aPractical guide to employee's compensation :cby H.L.Kumar [and] Gaurav Kumarbact & rules / a7th ed a DelhibUniversal Law Publishingc2013 aC-FF-1A, Dilkhush Industrial Estate, G.T Karnal Road,bDelhie110033 axlv,308p.c24cm(pbk) aGaurav Kumar